Central Library OPAC University of Rajshahi

Theism : (Record no. 32142)

MARC details
000 -LEADER
fixed length control field 00690nam a2200241 a 4500
001 - CONTROL NUMBER
control field 32142
003 - CONTROL NUMBER IDENTIFIER
rucl marc code BD-RjUL
005 - DATE AND TIME OF LATEST TRANSACTION
control field 20211209051808.0
008 - FIXED-LENGTH DATA ELEMENTS--GENERAL INFORMATION
fixed length control field 140424s1893 enk r 000 0 eng d
035 ## - SYSTEM CONTROL NUMBER
System control number (BD-RjUL) 32231
040 ## - CATALOGING SOURCE
Original cataloging agency BOS
Transcribing agency BOS
Language of cataloging eng
041 ## - LANGUAGE CODE
Language code of text/sound track or separate title eng
082 04 - DEWEY DECIMAL CLASSIFICATION NUMBER
Edition number 19
Classification number RA 211.3
Author mark and year FLT 1893
090 ## - LOCALLY ASSIGNED LC-TYPE CALL NUMBER (OCLC); LOCAL CALL NUMBER (OCLC)
Classification number (OCLC) (R) ; Classification number, CALL (RLIN) (NR) BL200
Local cutter number (OCLC) ; Book number/undivided call number, CALL (RLIN) .F56 1893a
100 1# - MAIN ENTRY--PERSONAL NAME
Personal name Flint, Robert,
Dates associated with a name 1838-1910.
9 (RLIN) 97826
245 10 - TITLE STATEMENT
Title Theism :
Remainder of title being the Baird lecture for 1876 /
Statement of responsibility, etc. by Robert Flint.
250 ## - EDITION STATEMENT
Edition statement 11 ed., rev.
260 ## - PUBLICATION, DISTRIBUTION, ETC. (IMPRINT)
Place of publication, distribution, etc. Londo :
Name of publisher, distributor, etc. William Blackwood And Sons,
Date of publication, distribution, etc. 1893.
300 ## - PHYSICAL DESCRIPTION
Pagination ix, 454 p. ;
Size 18 cm.
650 #0 - SUBJECT ADDED ENTRY--TOPICAL TERM
Topical term or geographic name as entry element Theism.
9 (RLIN) 97828
942 ## - ADDED ENTRY ELEMENTS (KOHA)
Source of classification or shelving scheme Dewey Decimal Classification
Koha item type Rare Books
Holdings
Lost status Source of classification or shelving scheme Damaged status Not for loan Collection code Permanent Location Current Location Shelving location Date acquired Source of acquisition Cost, normal purchase price Total Checkouts Full call number Date last seen Copy number Koha item type
  Dewey Decimal Classification   Not For Loan Non-fiction Central Library, University of Rajshahi Central Library, University of Rajshahi Rare Book Section 07/11/1956 Blackwell 7.00   RA 211.3 FLT 1893 24/04/2014 C-1 Rare Books